Normal view
MARC view
- Stanford, Herbert W.
Entry Personal Name
001 - CONTROL NUMBER
- control field: 116155
003 - CONTROL NUMBER IDENTIFIER
- control field: NUST
005 - DATE AND TIME OF LATEST TRANSACTION
- control field: 20230912165841.0
008 - FIXED-LENGTH DATA ELEMENTS
- fixed length control field: 230912|| aca||aabn | a|a d
040 ## - CATALOGING SOURCE
- Original cataloging agency: NUST
- Transcribing agency: NUST
100 ## - HEADING--PERSONAL NAME
- Personal name: Stanford, Herbert W.
670 ## - SOURCE DATA FOUND
- Source citation: Work cat.: (NUST): Stanford, Herbert W.,, Analysis and design of heating, ventilating, and air-conditioning systems /
